Train Stations on the Lilydale Line - Statistics

General Stats
  • This quiz has been taken 25 times
  • The average score is 22 of 28
Answer Stats
Closest to Flinders St. Answer % Correct
18 Box Hill
92%
12 Camberwell
92%
13 East Camberwell
92%
20 Blackburn
85%
8 Burnley
85%
14 Canterbury
85%
15 Chatham
85%
26 Croydon
85%
7 East Richmond
85%
10 Glenferrie
85%
19 Laburnum
85%
28 Lilydale
85%
6 Richmond
85%
11 Auburn
77%
1 Flinders Street
77%
22 Mitcham
77%
17 Mont Albert
77%
27 Mooroolbark
77%
21 Nunawading
77%
24 Ringwood
77%
2 Southern Cross
77%
16 Surrey Hills
77%
3 Flagstaff
69%
9 Hawthorn
69%
23 Heatherdale
69%
4 Melbourne Central
69%
5 Parliament
69%
25 East Ringwood
62%
No matching quizzes found
Score Distribution
Percent of People with Each Score
Percentile by Number Answered
Your Score History
You have not taken this quiz